书目信息 |
| 题名: |
学校教务工作实务手册
|
|
| 作者: | 叶齐炼 , 申杲华 主编 | |
| 分册: | ||
| 出版信息: | 北京 开明出版社 1992.7 |
|
| 页数: | 1108页 | |
| 开本: | 26cm | |
| 丛书名: | ||
| 单 册: | ||
| 中图分类: | G473-62 | |
| 科图分类: | ||
| 主题词: | 教导--工作--手册 | |
| 电子资源: | ||
| ISBN: | 7-80077-316-7 | |
| 000 | 00982nam0 2200253 45 | |
| 001 | 0194029253 | |
| 005 | 20061109094548.75 | |
| 010 | @a7-80077-316-7@b精装@dCNY60.00 | |
| 092 | @a社科298-107 | |
| 100 | @a19940718e19941992emky0chiy0121 ea | |
| 101 | 0 | @achi |
| 102 | @aCN@b110000 | |
| 105 | @ay z 000yy | |
| 200 | 10 | @a学校教务工作实务手册@AXUE XIAO JIAO WU GONG ZUO SHI WU SHOU CE@f叶齐炼,申杲华主编@FYE QI LIAN , SHEN GAO HUA ZHU BIAN |
| 210 | @a北京@c开明出版社@d1992.7@h1994.1重印 | |
| 215 | @a1108页@d26cm | |
| 330 | @a本书分:教务工作概述、学校课程编订、教学检查、命题与教试、教师工作量计算、教学评估、教务工作的老师管理、教务工作的学生管理、教务工作的教辅工作管理、教务人员必备素质与知识10部分,附录教务工作经验、文章选编和教务工作条例选编。 | |
| 540 | 1 | @a教务@AJIAO WU |
| 606 | @a教导@x工作@x手册 | |
| 690 | @aG473-62@v3 | |
| 701 | 0 | @a叶齐炼@AYE QI LIAN@4主编 |
| 701 | 0 | @a申杲华@ASHEN GAO HUA@4主编 |
| 801 | 0 | @aCN@bTSSF@c20061109 |
| 905 | @a10447@dG473-62@e26 | |
| 学校教务工作实务手册/叶齐炼,申杲华主编.-北京:开明出版社,1992.7(1994.1重印) |
| 1108页;26cm |
| ISBN 7-80077-316-7(精装):CNY60.00 |
| 本书分:教务工作概述、学校课程编订、教学检查、命题与教试、教师工作量计算、教学评估、教务工作的老师管理、教务工作的学生管理、教务工作的教辅工作管理、教务人员必备素质与知识10部分,附录教务工作经验、文章选编和教务工作条例选编。 |
| ● |
| 相关链接 |
|
|
|
|
正题名:学校教务工作实务手册
索取号:G473-62/26
 
预约/预借
| 序号 | 登录号 | 条形码 | 馆藏地/架位号 | 状态 | 备注 |
| 1 | 0263060 | 002059159 | 第一样本阅览室/ [索取号:G473-62/26] | 在馆 |